एक सूरज तीन तारेः (Record no. 13989)

MARC details
000 -LEADER
fixed length control field 00888nam a22002057a 4500
005 - DATE AND TIME OF LATEST TRANSACTION
control field 20080625100955.0
008 - FIXED-LENGTH DATA ELEMENTS--GENERAL INFORMATION
fixed length control field 080625t xxu||||| |||| 00| 0 hin d
010 ## - LCCN (DPL NO)
LC control number HIN-46119
020 ## - INTERNATIONAL STANDARD BOOK NUMBER
Terms of availability 80.00
035 ## - SYSTEM CONTROL NUMBER
System control number HN-27383
037 ## - SOURCE OF ACQUISITION
Source of stock number/acquisition DBAD
040 ## - CATALOGING SOURCE
Original cataloging agency dpl
Language of cataloging HN
082 ## - DEWEY DECIMAL CLASSIFICATION NUMBER
Classification number 822 / सीमश्या
100 ## - MAIN ENTRY--PERSONAL NAME
Personal name सीम, श्यामलाल
245 ## - TITLE STATEMENT
Title एक सूरज तीन तारेः
Statement of responsibility, etc श्यामलाल सीम
Remainder of title तीन हास्यरस रंगमंच नाटक /
260 ## - PUBLICATION, DISTRIBUTION, ETC. (IMPRINT)
Place of publication, distribution, etc नई दिल्ली
Name of publisher, distributor, etc असीम प्रकाशन
Date of publication, distribution, etc 1999
300 ## - PHYSICAL DESCRIPTION
Extent 120पृ
Dimensions 23सेमी.
942 ## - ADDED ENTRY ELEMENTS (KOHA)
Item type Hindi Books
Source of classification or shelving scheme Dewey Decimal Classification
Classification part 822
Call number suffix सीमश्या
Holdings
Withdrawn status Lost status Source of classification or shelving scheme Damaged status Not for loan Collection code Home library Current library Date acquired Cost, normal purchase price Total Checkouts Full call number Barcode Date last seen Copy number Cost, replacement price Koha item type
    Dewey Decimal Classification   Not For Loan Non-fiction D.B.Act.Division D.B.Act.Division 25/06/2008 80.00   822 / सीमश्या HN-27383 15/09/2008 1 80.00 Hindi Books

© Delhi Public Library
Hit Counter
free hit counter